| 000 | 00843nam a22002657a 4500 | ||
|---|---|---|---|
| 003 | CHAP | ||
| 005 | 20220329134010.0 | ||
| 008 | 971013s br r 00010 por d | ||
| 010 | _a13847 | ||
| 011 | _a14819 | ||
| 035 | _a18893 | ||
| 040 | _cCHAP | ||
| 090 | _aR-1088 | ||
| 100 | 0 | 0 |
_aHeringer, Ezechias Paulo. _953736 |
| 245 | 1 | _aBignoniaceae de valor ornamental e algemas rara, de Minas Gerais Brasil | |
| 500 | _aSobretiro de : Bol. Soc. Portuguesa de CiƩncias Naturales, n.s. 6:220-226, 1956 | ||
| 590 |
_aBATCH-UPD _b10 _c20130109 _lUCH01 _h2346 |
||
| 590 |
_aBATCH-UPD _b10 _c20130409 _lUCH01 _h1917 |
||
| 590 |
_aBATCH-UPD _b10 _c20130914 _lUCH01 _h0627 |
||
| 590 |
_aCONVERSION _b10 _c20130109 _lUCH01 _h1309 |
||
| 650 | 1 | 4 |
_aBignoniƔceas. _912673 |
| 901 | _aBK | ||
| 942 | _cREIMP | ||
| 949 |
_aR-1088 _bBC _cR _d-43875 _eTS1 _i18893 _si |
||
| 999 |
_c13847 _d13847 |
||